000 01187nam2a2200253 4500
001 RU\NLR\BIBL_A\012888265
005 20220928164639.0
010 _a978-5-9710-9778-5
021 _aRU
_bКН-П-22-047441
_9КН-П-22-4102
035 _a(NLR Aleph) 012888265
090 _a12542520
_c12542520
100 _a20220914d2022 u y0rusy50 ca
101 0 _arus
102 _aRU
105 _aa z 000zy
200 1 _aАксиоматические теории. Теория множеств. Модели времени
210 _d2022
215 _a209 с.
_cил., табл.
320 _aБиблиогр.: с. 203-209 (154 назв.)
461 0 _1001RU\NLR\BIBL_A\012868083
_12001#$aСовременная логика и онтология$fА. М. Анисов$gРоссийская академия наук, Институт философии$vКн. 2
_1700#1$aАнисов$bА. М.$gАлександр Михайлович
_912480354
_aАнисов, А. М.
_cМосква
_d2022
_fА. М. Анисов
_nURSS
_tСовременная логика и онтология
_vКн. 2
942 _cBOOK
980 _aNB